Génesis y crecimiento de las civilizaciones en Arnold J. Toynbee
Furkejuvvon:
| Váldodahkki: | |
|---|---|
| Materiálatiipa: | Girji |
| Giella: | Undetermined |
| Almmustuhtton: |
San José, Costa Rica
Universidad de Costa Rica, Escuela de Filosofía
1978
|
| Fáttát: | |
| Fáddágilkorat: |
Lasit fáddágilkoriid
Eai fáddágilkorat, Lasit vuosttaš fáddágilkora!
|
MARC
| LEADER | 00000nam a2200000Ia 4500 | ||
|---|---|---|---|
| 008 | 170316s9999 xx 000 0 und d | ||
| 999 | |c 13847 |d 13847 | ||
| 040 | |a cru BVZT | ||
| 090 | |a TESIS 232 | ||
| 100 | |a Herrera Mora, Sonia | ||
| 245 | |a Génesis y crecimiento de las civilizaciones en Arnold J. Toynbee | ||
| 260 | |a San José, Costa Rica |b Universidad de Costa Rica, Escuela de Filosofía |c 1978 | ||
| 300 | |a 292 páginas | ||
| 650 | |a LICENCIATURA EN FILOSOFÍA | ||
| 650 | |a TRABAJO FINAL DE GRADUACIÓN |9 237 | ||
| 942 | |c TFG |h TESIS 232 |2 z | ||
